Malíř svého lidu Čtení o Mikoláši Alšovi

Bibliographic Details
Main Author: Míčko, Miroslav, 1912-1970 (Author)
Other Authors: Aleš, Mikoláš, 1852-1913 (Illustrator)
Format: Book
Language:Czech
PhysicalDescription:312 s. obr. príl. 21 cm
Published: Praha Mladá fronta 1959
Edition:2. vyd.
Subjects:

MARC

LEADER 00000aam a2200000 a 4500
001 vtls001461509
003 SK-MaSNL
005 20260301014137.0
008 240314s1959 xr a g 00000 cze
035 |a SNK000416816 
040 |a SNK  |b slo  |c SNK  |e AACR2 
041 |a cze 
044 |a xr  |c CZ 
072 7 |a 75  |x Maliarstvo  |2 konspekt 
080 |a 75.071.1  |2 2011 
100 1 |a Míčko, Miroslav,  |d 1912-1970  |4 aut  |9 256085 
245 1 0 |a Malíř svého lidu  |b Čtení o Mikoláši Alšovi  |c Miroslav Mičko 
250 |a 2. vyd. 
260 |a Praha  |b Mladá fronta  |c 1959 
300 |a 312 s.  |b obr. príl.  |c 21 cm 
600 1 |a Aleš, Mikoláš,  |d 1852-1913  |2 SNKMA  |9 103292 
650 0 7 |a maliari  |2 SNKPH  |9 3150 
700 1 |a Aleš, Mikoláš,  |d 1852-1913  |4 ill  |9 103292 
852 |a Štátna vedecká knižnica v Banskej Bystrici 
999 |c 557959  |d 559889 
952 |t P60, <04>, [BOOK], {604}  |a SNK  |b SNK  |y VYP  |7 0  |p 17A0400741  |o snkID 23837  |i snkKIP 6861/59  |0 0  |1 0  |4 0  |d 2003-10-15  |l 0  |r 2005-01-02 00:00:00  |w 2026-02-23